000 00556cam a2200181ua 4500
020 _a81-7164-011-7
_c250.00
041 _aeng
_h
082 _a633.081
_bRAJ/TE
100 _aRajendra, Prasad .
245 0 0 _aText book of field crop production /
_cRajendra Prasad.
_hTextual Documents
260 _aNew Delhi :
_bIndian Council for Agricultural Research ,
_c2004.
300 _a821 ; .
365 _a250.00
504 _a
650 _aCereal crops; Grain legumes; Oilseed crops; fibre crops; Cash crops
942 _cBK
999 _c12128
_d12128